<?xml version="1.0" encoding="UTF-8"?>
<record
    xmlns:xsi="http://www.w3.org/2001/XMLSchema-instance"
    xsi:schemaLocation="http://www.loc.gov/MARC21/slim http://www.loc.gov/standards/marcxml/schema/MARC21slim.xsd"
    xmlns="http://www.loc.gov/MARC21/slim">

  <leader>01007    a2200241   4500</leader>
  <controlfield tag="003">BI-BuBU</controlfield>
  <controlfield tag="008">111220t1987    bd ||||dr|||| 000 0 fre d</controlfield>
  <datafield tag="037" ind1=" " ind2=" ">
    <subfield code="b">Fonds FACAGRO</subfield>
  </datafield>
  <datafield tag="039" ind1=" " ind2=" ">
    <subfield code="a">20111220153225.0</subfield>
    <subfield code="b">Nshimirimana Anne-Marie</subfield>
  </datafield>
  <datafield tag="040" ind1=" " ind2=" ">
    <subfield code="a">BI-BuBU</subfield>
    <subfield code="b">fre</subfield>
    <subfield code="c">BI-BuBU</subfield>
  </datafield>
  <datafield tag="041" ind1="0" ind2=" ">
    <subfield code="a">fre</subfield>
  </datafield>
  <datafield tag="080" ind1=" " ind2=" ">
    <subfield code="a">633.</subfield>
  </datafield>
  <datafield tag="100" ind1="1" ind2=" ">
    <subfield code="4">aut</subfield>
    <subfield code="a">Bergen, D.W.</subfield>
    <subfield code="9">49807</subfield>
  </datafield>
  <datafield tag="245" ind1="1" ind2="0">
    <subfield code="a">Etude socio-&#x10D;onomique sur les cultures du haricot et du mas&#x310; dans le Buyenzi</subfield>
    <subfield code="b">Approche du systm&#x308;e d'exploitation en commune BUSIGA</subfield>
    <subfield code="c">D.W. Bergen</subfield>
  </datafield>
  <datafield tag="260" ind1=" " ind2=" ">
    <subfield code="a">Bujumbura</subfield>
    <subfield code="b">Institut des Sciences Agronomiques du Burundi, Sercice de Socio-&#x10D;onomie rurale</subfield>
    <subfield code="c">1987</subfield>
  </datafield>
  <datafield tag="300" ind1=" " ind2=" ">
    <subfield code="a">441 p.</subfield>
    <subfield code="c">30 cm.</subfield>
  </datafield>
  <datafield tag="650" ind1=" " ind2="7">
    <subfield code="2">BI-BuBU</subfield>
    <subfield code="a">Culture vivrir&#x308;e. Exploitation</subfield>
    <subfield code="9">49808</subfield>
  </datafield>
  <datafield tag="650" ind1=" " ind2="7">
    <subfield code="2">BI-BuBU</subfield>
    <subfield code="a">Haricot. Exploitation</subfield>
    <subfield code="9">49809</subfield>
  </datafield>
  <datafield tag="650" ind1=" " ind2="5">
    <subfield code="2">BI-BuBU</subfield>
    <subfield code="a">Mas&#x310;. Exploitation</subfield>
    <subfield code="9">49810</subfield>
  </datafield>
  <datafield tag="942" ind1=" " ind2=" ">
    <subfield code="2">ddc</subfield>
    <subfield code="c">BK</subfield>
  </datafield>
  <datafield tag="999" ind1=" " ind2=" ">
    <subfield code="c">14340</subfield>
    <subfield code="d">14340</subfield>
  </datafield>
  <datafield tag="952" ind1=" " ind2=" ">
    <subfield code="0">0</subfield>
    <subfield code="1">0</subfield>
    <subfield code="2">udc</subfield>
    <subfield code="4">0</subfield>
    <subfield code="7">0</subfield>
    <subfield code="9">20482</subfield>
    <subfield code="a">BFACAGRO</subfield>
    <subfield code="b">BFACAGRO</subfield>
    <subfield code="d">2011-12-20</subfield>
    <subfield code="e">Fonds FACAGRO</subfield>
    <subfield code="l">0</subfield>
    <subfield code="o">633. BER. B V.2</subfield>
    <subfield code="p">5030000038579</subfield>
    <subfield code="r">2011-12-20</subfield>
    <subfield code="t">1</subfield>
    <subfield code="w">2011-12-20</subfield>
    <subfield code="y">BK</subfield>
  </datafield>
</record>
